Leading and managing in nursing / (Record no. 18481)
[ view plain ]
| 000 -LEADER | |
|---|---|
| fixed length control field | 00927nam a22002778i 4500 |
| 001 - CONTROL NUMBER | |
| control field | 016598915 |
| 003 - CONTROL NUMBER IDENTIFIER | |
| control field | OSt |
| 005 - DATE AND TIME OF LATEST TRANSACTION | |
| control field | 20201128021110.0 |
| 008 - FIXED-LENGTH DATA ELEMENTS--GENERAL INFORMATION | |
| fixed length control field | 131223t2014 xxua frbd 001 0 eng d |
| 020 ## - INTERNATIONAL STANDARD BOOK NUMBER | |
| International Standard Book Number | 9780323241830 (pbk.) |
| 040 ## - CATALOGING SOURCE | |
| Original cataloging agency | StDuBDS |
| Language of cataloging | eng |
| Transcribing agency | StDuBDS |
| Modifying agency | EG-ScBUE |
| 082 00 - DEWEY DECIMAL CLASSIFICATION NUMBER | |
| Classification number | 362.173 |
| Edition number | 22 |
| Item number | LEA |
| 245 00 - TITLE STATEMENT | |
| Title | Leading and managing in nursing / |
| Statement of responsibility, etc | [edited by] Patricia S. Yoder-Wise. |
| 250 ## - EDITION STATEMENT | |
| Edition statement | 5th ed., |
| Remainder of edition statement | rev. reprint. |
| 260 ## - PUBLICATION, DISTRIBUTION, ETC. (IMPRINT) | |
| Place of publication, distribution, etc | St. Louis, United States : |
| Name of publisher, distributor, etc | Elsevier Mosby, |
| Date of publication, distribution, etc | c.2014. |
| 300 ## - PHYSICAL DESCRIPTION | |
| Extent | xxiv, 643 p. : |
| Other physical details | ill. (col.) ; |
| Dimensions | 24 cm. |
| 500 ## - GENERAL NOTE | |
| General note | Glossary : p. 608-617. |
| 500 ## - GENERAL NOTE | |
| General note | Index : p. 619-643. |
| 504 ## - BIBLIOGRAPHY, ETC. NOTE | |
| Bibliography, etc | Includes bibliographical reference. |
| 650 #0 - SUBJECT ADDED ENTRY--TOPICAL TERM | |
| Topical term or geographic name as entry element | Nursing services |
| General subdivision | Administration |
| 9 (RLIN) | 32499 |
| 650 #0 - SUBJECT ADDED ENTRY--TOPICAL TERM | |
| Topical term or geographic name as entry element | Leadership |
| 9 (RLIN) | 1000 |
| 653 ## - INDEX TERM--UNCONTROLLED | |
| Resource For college | Nursing |
| Arrived date list | October2014 |
| 655 ## - INDEX TERM--GENRE/FORM | |
| Form subdivision | |
| -- | 34232 |
| 700 1# - ADDED ENTRY--PERSONAL NAME | |
| Personal name | Yoder-Wise, Patricia S., |
| Dates associated with a name | 1941- |
| Relator term | editor. |
| 9 (RLIN) | 36285 |
| 942 ## - ADDED ENTRY ELEMENTS (KOHA) | |
| Source of classification or shelving scheme | Dewey Decimal Classification |
| Call number prefix | 362.173 LEA |
| Withdrawn status | Item status | Source of classification or shelving scheme | Damaged status | Not for loan | Vendor | Home library | Current library | Shelving location | Date acquired | Source of acquisition | Cost, normal purchase price | Serial Enumeration / chronology | Total Checkouts | Total Renewals | Full call number | Barcode | Date last seen | Date last borrowed | Cost, replacement price | Koha item type |
|---|---|---|---|---|---|---|---|---|---|---|---|---|---|---|---|---|---|---|---|---|
| Dewey Decimal Classification | Baccah | Central Library | Central Library | First floor | 21/10/2014 | 472.00 | 20526 | 12 | 93 | 362.173 LEA | 000036742 | 15/07/2025 | 24/10/2022 | 590.00 | Book - Borrowing | |||||
| Dewey Decimal Classification | Baccah | Central Library | Central Library | First floor | 21/10/2014 | 472.00 | 20526 | 2 | 14 | 362.173 LEA | 000036750 | 15/07/2025 | 12/11/2023 | 590.00 | Book - Borrowing |